|
|
|
|
| LEADER |
01065nam a2200253 a 4500 |
| 001 |
13584332 |
| 008 |
100117s2004 ii a b 001 0 eng d |
| 010 |
|
|
|a \\2004010819
|
| 020 |
|
|
|a 0761932615 (paper back)
|
| 020 |
|
|
|a 8178293951 (pbk.)
|
| 040 |
|
|
|a DLC
|c DLC
|d C#P
|d UKM
|d BAKER
|d DLC
|d BD-DhAAL
|
| 082 |
0 |
0 |
|a 332.1/0285/4678
|2 22
|
| 100 |
1 |
|
|a Joshi, Vasant C.,
|d 1932-
|
| 245 |
1 |
0 |
|a E-finance :
|b log in to the future! /
|c V.C. Joshi.
|
| 246 |
3 |
|
|a Efinance
|
| 260 |
|
|
|a New Delhi ;
|a Thousand Oaks, Calif. :
|b Response Books,
|c 2004.
|
| 300 |
|
|
|a xii, 219 p. :
|b ill. ;
|c 22 cm.
|
| 504 |
|
|
|a Includes bibliographical references (p. [201]-207) and index.
|
| 541 |
1 |
|
|e 00013123
|
| 650 |
|
0 |
|a Financial services industry
|x Computer networks
|z India.
|
| 650 |
|
0 |
|a Internet banking
|z India.
|
| 852 |
4 |
|
|a Ayesha Abed Library
|j General shelf
|
| 999 |
|
|
|c 7043
|d 7043
|
| 952 |
|
|
|0 0
|1 0
|2 ddc
|4 0
|6 332_102854678000000_JOS
|7 0
|9 7306
|a BRACUL
|b BRACUL
|c GEN
|d 2010-01-19
|l 1
|m 8
|o 332.102854678 JOS
|p 3010013123
|q 2026-02-17
|r 2025-11-18
|s 2025-11-18
|t 1
|w 2010-01-19
|y BK
|x Price not available in Register
|